=LDR 00000nam 2200000 4500 =001 INLIS000000000036524 =005 20130612142315 =008 ***********************************Ind** =035 ##$$0010-061300000036524 =041 ##$$a Ind =082 ##$$a 741.5 =090 ##$$a 741.5, Ave s =100 ##$$a Adventures =245 ##$$a Star mars clone wars volume 10, Adventures ; alih bahasa, Suryo H. Prasetyo ; penyunting, Anni Pramudito =260 ##$$a 2010 $b Jakarta =300 ##$$a 76 hlm, ilus6c24 cm =650 ##$$a Prasetio, Suryo H =850 ##$$a NBPNMAT